Statistics for Peninsulas with the Most Countries

Click here to take the quiz!

General Stats

  • This quiz has been taken 65 times
  • The average score is 6 of 9

Answer Stats

#Peninsula% Correct
8Arabian Peninsula
90%
13Balkan Peninsula
85%
4Iberian Peninsula
79%
6Indochina
79%
3Apennine Peninsula
74%
4Scandinavian Peninsula
71%
4Horn of Africa
61%
3Malay Peninsula
48%
3Yucatán Peninsula
40%

Score Distribution

Percentile by Number Answered

Percent of People with Each Score

Your Score History

You have not taken this quiz